Every Front Bottoms Song - Statistics

General Stats
  • This quiz has been taken 136 times
  • The average score is 34 of 92
Answer Stats
Answer % Correct
Twin Size Mattress
85%
Flashlight
68%
Be Nice To Me
63%
12 Feet Deep
60%
Peach
60%
Lonely Eyes
58%
Lone Star
55%
Outlook
53%
Skeleton
53%
Au Revoir (Adios)
50%
Father
50%
Swimming Pool
50%
Cough It Out
48%
Lipstick Covered Magnet
48%
Punching Bag
48%
Santa Monica
48%
Summer Shandy
48%
Batman
45%
Flying Model Rockets
45%
Funny You Should Ask
45%
Maps
45%
West Virginia
45%
Awkward Conversations
43%
Bathtub
43%
Laugh Till I Cry
43%
montgomery forever
43%
Motorcycle
43%
The Beers
43%
Fairbanks, Alaska
40%
Hello World
40%
The Bongo Song
40%
The Boredom is the Reason I Started Swimming. It's Also the Reason I Started Sinking.
40%
2YL
38%
Bae
38%
Emotional
38%
Jim Bogart
38%
Mountain
38%
Peace Sign
38%
Rhode Island
38%
Swear to God the Devil Made Me Do It
38%
the truth
38%
Wolfman
38%
camouflage
35%
Ginger
35%
jerk
35%
Looking Like You Just Woke Up
35%
The Plan (F**k Jobs)
35%
The Winds
35%
Backflip
33%
everyone blooms
33%
Everything I Own
33%
Handcuffs
33%
Hooped Earrings
33%
Joanie
33%
Legit Tattoo Gun
33%
More Than It Hurts You
33%
new song d
33%
Pale Beneath the Tan (Squeeze)
33%
Plastic Flowers
33%
Tattooed Tears
33%
Tie Dye Dragon
33%
Today Is Not Real
33%
Vacation Town
33%
Brick
30%
bus beat
30%
Don't Fill up on Chips
30%
Fake Gold
30%
I Think Your Nose is Bleeding
30%
leaf pile
30%
Paris
30%
Raining
30%
The Feud
30%
Tighten Up
30%
Clear Path
28%
HELP
28%
Historic Cemetery
28%
Ocean
28%
Somebody Else
28%
Everyone but You
25%
Far Drive
25%
Finding your way home
25%
Grand Finale
25%
End of summer (now I know)
23%
Loverboy
23%
make way
23%
the hard way
23%
Trampoline
23%
You Used To Say (Holy F**k)
23%
love at first sight
20%
The Supply of Power
18%
Voodoo Magic
18%
Not Joking
15%
No matching quizzes found
Score Distribution
Percent of People with Each Score
Percentile by Number Answered
Your Score History
You have not taken this quiz